000 00622cam a2200193 4500500
005 20260111080442.0
041 _afre
042 _adc
100 1 0 _aSimon, Claire
_eauthor
245 0 0 _aLes Régions ont elles les moyens de leur action économique ?
260 _c2020.
500 _a24
690 _aaction économique
690 _aCVAE
690 _afinances locales
690 _arégions
786 0 _nGestion & Finances Publiques | 6 | 6 | 2020-12-09 | p. 33-39 | 1969-1009
856 4 1 _uhttps://droit.cairn.info/revue-gestion-et-finances-publiques-2020-6-page-33?lang=fr&redirect-ssocas=7080
999 _c1616325
_d1616325